000 00433nam a2200169Ia 4500
999 _c23991
_d23991
003 OSt
005 20201127163954.0
008 190216s9999||||xx |||||||||||||| ||und||
040 _coclc
082 _a920
_bPAU/M
100 _aPaul, M P
_96744
245 0 _aM P Paul /
_cM P Paul
260 _bNbs,
_aKottayam;
_c1957
300 _a119p
650 _aOormakurip
942 _cBK
_2ddc
_h920
_iPAU/M
_k920
_mPAU/M